Entry Topical Term
Number of records used in: 2
001 - CONTROL NUMBER
003 - CONTROL NUMBER IDENTIFIER
005 - DATE AND TIME OF LATEST TRANSACTION
- control field:
20250917115602.0
008 - FIXED-LENGTH DATA ELEMENTS
- fixed length control field:
250917|| aca||aabn | a|a d
040 ## - CATALOGING SOURCE
- Original cataloging agency:
JRU
- Transcribing agency:
JRU
150 ## - HEADING--TOPICAL TERM
- Topical term or geographic name as entry element:
ENGLISH LITERATURE
670 ## - SOURCE DATA FOUND
- Source citation:
Work cat.: (JRU)8827: PANDEY, DR. MEENU 8692, A TEXT BOOK OF COMMUNICATION SKILLS . [ 1ST YEAR B. PHARM] SEM-1